| 000 | 01153nam a2200313 a 4500 | ||
|---|---|---|---|
| 001 | ocn928379540 | ||
| 003 | OCoLC | ||
| 005 | 20161021114030.0 | ||
| 008 | 160913s2005 sp gr 000 0 spa d | ||
| 020 | _a8493355569 | ||
| 020 | _a9788493355562 | ||
| 040 |
_aCo-BoUCM _bspa _cEdgar Pinilla _dEdgar Pinilla |
||
| 041 | _aspa | ||
| 245 | 0 | 0 |
_aLo que el trabajo esconde _bmateriales para un replanteamiento de los análisis sobre el trabajo _ctextos de Bernard Lahire...[y otros] ; coordinadores de la edición Jorge García López...[y otros] |
| 260 |
_aMadrid (España) _bTraficantes de sueños _c2005 |
||
| 300 | _a256 páginas | ||
| 490 | 0 |
_aBifurcaciones _v1 |
|
| 650 | 0 | 4 |
_aTrabajo _xAspectos sociales _951048 |
| 650 | 0 | 4 |
_aFilosofía del trabajo _915802 |
| 690 | 0 |
_aSociología _9386 |
|
| 700 | 1 |
_aLahire, Bernard _978837 |
|
| 700 | 1 |
_aRolle, Pierre _980064 |
|
| 700 | 1 |
_aSaunier, Pierre _980065 |
|
| 700 | 1 |
_aStroobants, Marcelle _980066 |
|
| 700 | 1 |
_aGarcía López, Jorge _eeditor _980067 |
|
| 700 | 1 |
_aLago Blasco, Jorge _eeditor _980068 |
|
| 942 |
_2DEWEY _cLIBRO _a5 _e1 _h306.36 _mT758T _n0 |
||
| 999 |
_c304019 _d304019 |
||